00647nam a2200181 a 450000100060000000300090000600800410001504000280005608200160008410000330010024500590013326000310019230000080022350501560023165000320038765000330041965000130045222518CO-ViMGA141112s2004 ck r 000 u spa d aCO-ViMGAbspacCO-ViMGA04a658.83 L6631 aLópez Rodrigo, Fernández10aGestión comercial y marketing, Logística Comercial aMadrid : bThonson, c2004 a186 aLa logística de la empresa 1 - 10 - - Diseño de almacenes 13 - 28 - - Sistema de almacenamiento, control y manipulación de mercancías 31 - 55 14aADMINISTRACIóN DE COMPRAS14aADMINISTRACIóN DE EMPRESAS14aMERCADEO